000 00722nam a22002297a 4500
001 00003652
003 DO-SdBNP
005 20160727104004.0
007 00003652
008 160607b 2012 dr ||||| |||| 00| 0 spa d
020 _a9789945452464
040 _aBPMSU
_bspa
_cBPMSU
092 _axxxxx
_bxxxxx
100 1 _aMarte, Santiago
245 1 0 _aLa conspiración sagrada /
_cSantiago Marte.
246 1 0 _aLa conspiración sagrada :
_bLa hora del juicio para los que mataron a Cristo
260 _aSanto Domingo :
_bEl Nuevo Diario,
_c2012.
300 _a199 p. ;
_c23 cm.
500 _aIncluye datos biográficos del autor en las solapas.
942 _2ddc
_cBK
956 _2LOPEREZ
_310
_620160607
_8BPMSU
_a00041
999 _c10296
_d10296